<?xml version="1.0" encoding="UTF-8"?>
<record
    xmlns:xsi="http://www.w3.org/2001/XMLSchema-instance"
    xsi:schemaLocation="http://www.loc.gov/MARC21/slim http://www.loc.gov/standards/marcxml/schema/MARC21slim.xsd"
    xmlns="http://www.loc.gov/MARC21/slim">

  <leader>05229nam a2200457Ia 4500</leader>
  <controlfield tag="001">dia_3612</controlfield>
  <controlfield tag="003">CHAP</controlfield>
  <controlfield tag="005">20250429123658.0</controlfield>
  <controlfield tag="007">ta</controlfield>
  <controlfield tag="008">220117s2005    mx ado frm    001 0 spa d</controlfield>
  <datafield tag="010" ind1=" " ind2=" ">
    <subfield code="a">174118</subfield>
  </datafield>
  <datafield tag="040" ind1=" " ind2=" ">
    <subfield code="c">CHAP</subfield>
    <subfield code="a">mxchpua</subfield>
  </datafield>
  <datafield tag="041" ind1="0" ind2=" ">
    <subfield code="a">spa</subfield>
    <subfield code="b">eng</subfield>
  </datafield>
  <datafield tag="090" ind1=" " ind2=" ">
    <subfield code="a">Tesis</subfield>
    <subfield code="b">S24</subfield>
    <subfield code="c">2005</subfield>
  </datafield>
  <datafield tag="100" ind1="1" ind2=" ">
    <subfield code="a">Sa&#xE9;nz Hern&#xE1;ndez, Manrique</subfield>
  </datafield>
  <datafield tag="240" ind1="1" ind2="0">
    <subfield code="a">Analysis of the losses of water in the rabbit carcass applying three methods of conservation to low temperatures.</subfield>
    <subfield code="l">Espa&#xF1;ol</subfield>
  </datafield>
  <datafield tag="245" ind1="1" ind2="0">
    <subfield code="a">An&#xE1;lisis de las p&#xE9;rdidas de agua en la canal de conejo aplicando tres m&#xE9;todos de conservaci&#xF3;n a bajas temperaturas /</subfield>
    <subfield code="c">Manrique Sa&#xE9;nz Hern&#xE1;ndez</subfield>
  </datafield>
  <datafield tag="264" ind1=" " ind2=" ">
    <subfield code="a">Chapingo, M&#xE9;xico :</subfield>
    <subfield code="b">El autor,</subfield>
    <subfield code="c">2005</subfield>
  </datafield>
  <datafield tag="300" ind1=" " ind2=" ">
    <subfield code="a">vi, 76 hojas :</subfield>
    <subfield code="b">ilustraciones, tablas, gr&#xE1;ficas, fotograf&#xED;as</subfield>
  </datafield>
  <datafield tag="336" ind1=" " ind2=" ">
    <subfield code="2">rdacontent</subfield>
    <subfield code="a">texto</subfield>
    <subfield code="b">txt</subfield>
  </datafield>
  <datafield tag="337" ind1=" " ind2=" ">
    <subfield code="2">rdamedia</subfield>
    <subfield code="a">no mediado</subfield>
    <subfield code="b">nc</subfield>
  </datafield>
  <datafield tag="338" ind1=" " ind2=" ">
    <subfield code="2">rdacarrier</subfield>
    <subfield code="a">volumen</subfield>
    <subfield code="b">nc</subfield>
  </datafield>
  <datafield tag="502" ind1=" " ind2=" ">
    <subfield code="a">Tesis</subfield>
    <subfield code="b">(Ingeniero Agroindustrial) --</subfield>
    <subfield code="c">UACh. Departamento de Ingenier&#xED;a Agroindustrial,</subfield>
    <subfield code="d">2005</subfield>
  </datafield>
  <datafield tag="504" ind1=" " ind2=" ">
    <subfield code="a">Bibliograf&#xED;a : hojas 65-74</subfield>
  </datafield>
  <datafield tag="520" ind1="3" ind2=" ">
    <subfield code="a">La carne de conejo es un alimento con excelentes caracter&#xED;sticas alimenticias, sin embargo todav&#xED;a no se conocen tecnolog&#xED;as de conservaci&#xF3;n de alcance industrial. El m&#xE9;todo de conservaci&#xF3;n que se lleva cotidianamente en la granja cun&#xED;cola puede presentar, considerables, perdidas de peso en las canales. Con el fin de encontrar un m&#xE9;todo que reduzca dichas p&#xE9;rdidas, en el presente trabajo se compararon tres tratamientos pre rigor de conservaci&#xF3;n en la canal de conejo: congelaci&#xF3;n dom&#xE9;stica inmediata, conservaci&#xF3;n en capas de hielo picado e inmersi&#xF3;n en agua a 10 &#xBA;C. Las canales que inicialmente se mostraron homog&#xE9;neas, presentaron diferente evoluci&#xF3;n pre rigor a las 4 horas, mostrando los pH&#x2019;s de 6.27, 6.19 y 6.08 y a las 24 horas los pH&#x2019;s de 5.92, 5.93 y 6.0 respectivamente. Estas evoluciones de pH reflejaron las variaciones observadas en el peso de las canales correspondientes a -1.1%, +9 % y +24% respectivamente. El tratamiento por inmersi&#xF3;n a 10 &#xBA;C y el de capas de hielo picado, no presentan p&#xE9;rdidas sino al contrario muestran una ganancia de peso con respecto al peso inicial (canal caliente). Lo que demuestra la influencia de las condiciones en que se desarrolla el rigor mortis en la capacidad de retenci&#xF3;n de agua y por tanto en las p&#xE9;rdidas de peso de la canal fr&#xED;a. Esto se confirma con los pesos de las canales conservadas en congelaci&#xF3;n durante 7 d&#xED;as, ya que las p&#xE9;rdidas correspondientes a este tiempo son de -0.6%, -7% y -16.5% respectivamente. Estas diferencias de peso se debieron probablemente a los cambios enzim&#xE1;ticos que ocurren en la carne durante el proceso de congelaci&#xF3;n. A&#xFA;n as&#xED; las ganancias finales despu&#xE9;s de la congelaci&#xF3;n en las canales (descongeladas) fueron de -1.7 %, +2% y +7.6 % respectivamente.</subfield>
  </datafield>
  <datafield tag="520" ind1="3" ind2=" ">
    <subfield code="a">The rabbit meat is a food with excellent nutritional characteristics; nevertheless still do not know technologies conservation of industrial reach. The conservation method that takes daily in the rabbitry can present considerable lost of weight in the carcass. With the purpose of finding a method that reduces these losses; in the present work three pre rigor treatments of conservation were compared in the rabbit carcass: immediate domestic freezing, conservation in perforated ice layers and water immersion to 10&#xBA;C. The carcasses that initially were homogenous, presented different evolution pre rigor from the 4 hours, showing pH's of 6.27, 6.19 and 6.08 and to the 24 hours pH's of 5.92, 5.93 and 6.0 respectively. These evolutions of pH reflected the variations observed in the weight of the carcasses corresponding to -1.1%, +9 % and +24% respectively. The treatment by immersion to 10 &#xBA;C and the one of pricked ice layers do not display losses but on the contrary they show to a gain of weight with respect to the initial weight (hot carcass). What demonstrates the influence of the conditions in which rigor mortis in the water holding capacity and therefore in the losses of weight of the cold carcass. This is confirmed with the weights of the carcasses conserved in freezing during 7 days, since the losses corresponding to this time are of -0.6%, -7% and -16.5% respectively. These differences of weight probably had to the enzymatic changes that they happen in the meat during the freezing process. Even so the final gains after the freezing in the carcasses (defrosted) were of -1.7 %, +2% and +7.6 % respectively.</subfield>
  </datafield>
  <datafield tag="650" ind1="1" ind2="3">
    <subfield code="a">Conejos</subfield>
    <subfield code="2">atg</subfield>
    <subfield code="x">Almacenamiento bajo atm&#xF3;sfera controlada</subfield>
  </datafield>
  <datafield tag="650" ind1="1" ind2="3">
    <subfield code="a">Conejos</subfield>
    <subfield code="x">Matanza</subfield>
    <subfield code="2">atg</subfield>
  </datafield>
  <datafield tag="650" ind1="1" ind2="3">
    <subfield code="a">Conejos</subfield>
    <subfield code="x">Canales (carne)</subfield>
    <subfield code="2">atg</subfield>
  </datafield>
  <datafield tag="650" ind1="1" ind2="3">
    <subfield code="a">Rabbits  </subfield>
    <subfield code="x">Controlled atmosphere storage</subfield>
    <subfield code="2">atg</subfield>
  </datafield>
  <datafield tag="650" ind1="1" ind2="3">
    <subfield code="a">Rabbits</subfield>
    <subfield code="x">Butchering</subfield>
    <subfield code="2">atg</subfield>
  </datafield>
  <datafield tag="650" ind1="1" ind2="3">
    <subfield code="a">Rabbits</subfield>
    <subfield code="x">Meat carcasses</subfield>
    <subfield code="2">atg</subfield>
  </datafield>
  <datafield tag="700" ind1="1" ind2=" ">
    <subfield code="a">Mejenes Quijano, Amilcar Ren&#xE1;n</subfield>
    <subfield code="e">director</subfield>
  </datafield>
  <datafield tag="700" ind1="1" ind2=" ">
    <subfield code="a">Echegaray Torres, Jos&#xE9; Luis</subfield>
    <subfield code="e">asesor</subfield>
  </datafield>
  <datafield tag="700" ind1="1" ind2=" ">
    <subfield code="a">Marchand Ortega, Rub&#xE9;n</subfield>
    <subfield code="e">asesor</subfield>
  </datafield>
  <datafield tag="856" ind1="4" ind2="1">
    <subfield code="u">http://10.13.5.2/tesis/102601.pdf</subfield>
    <subfield code="y">DESCARGAR PDF</subfield>
  </datafield>
  <datafield tag="901" ind1=" " ind2=" ">
    <subfield code="a">TESIS S24 2005</subfield>
  </datafield>
  <datafield tag="902" ind1=" " ind2=" ">
    <subfield code="a">M</subfield>
  </datafield>
  <datafield tag="905" ind1=" " ind2=" ">
    <subfield code="a">5232272005                          mx dimn8222223322spa16</subfield>
  </datafield>
  <datafield tag="942" ind1=" " ind2=" ">
    <subfield code="c">TESIS</subfield>
    <subfield code="2">Clasificaci&#xF3;n Universidad Aut&#xF3;noma Chapingo</subfield>
  </datafield>
  <datafield tag="999" ind1=" " ind2=" ">
    <subfield code="c">174118</subfield>
    <subfield code="d">174118</subfield>
  </datafield>
  <datafield tag="952" ind1=" " ind2=" ">
    <subfield code="0">0</subfield>
    <subfield code="1">0</subfield>
    <subfield code="2">local</subfield>
    <subfield code="4">0</subfield>
    <subfield code="5">5</subfield>
    <subfield code="7">0</subfield>
    <subfield code="8">TESIS</subfield>
    <subfield code="a">IA_</subfield>
    <subfield code="b">IA_</subfield>
    <subfield code="d">2022-01-18</subfield>
    <subfield code="e">El autor</subfield>
    <subfield code="l">1</subfield>
    <subfield code="o">Tesis S24 2005</subfield>
    <subfield code="p">1101007489</subfield>
    <subfield code="r">2026-03-02 10:15:00</subfield>
    <subfield code="s">2026-02-26</subfield>
    <subfield code="t">Ej.2</subfield>
    <subfield code="w">2022-01-18</subfield>
    <subfield code="y">TESIS</subfield>
  </datafield>
  <datafield tag="952" ind1=" " ind2=" ">
    <subfield code="0">0</subfield>
    <subfield code="1">0</subfield>
    <subfield code="2">local</subfield>
    <subfield code="4">0</subfield>
    <subfield code="5">1</subfield>
    <subfield code="7">0</subfield>
    <subfield code="8">TESIS</subfield>
    <subfield code="a">IA_</subfield>
    <subfield code="b">IA_</subfield>
    <subfield code="d">2022-01-18</subfield>
    <subfield code="e">El autor</subfield>
    <subfield code="l">0</subfield>
    <subfield code="o">Tesis S24 2005</subfield>
    <subfield code="p">1101007484</subfield>
    <subfield code="r">2026-02-02 00:00:00</subfield>
    <subfield code="t">Ej.1</subfield>
    <subfield code="w">2022-01-18</subfield>
    <subfield code="y">TESIS</subfield>
  </datafield>
  <datafield tag="952" ind1=" " ind2=" ">
    <subfield code="0">0</subfield>
    <subfield code="1">0</subfield>
    <subfield code="2">local</subfield>
    <subfield code="4">0</subfield>
    <subfield code="7">0</subfield>
    <subfield code="8">TesDigL</subfield>
    <subfield code="a">IA_</subfield>
    <subfield code="b">IA_</subfield>
    <subfield code="c">E_L</subfield>
    <subfield code="d">2022-01-18</subfield>
    <subfield code="e">El autor</subfield>
    <subfield code="l">0</subfield>
    <subfield code="p">1201007484</subfield>
    <subfield code="r">2025-04-29 13:40:42</subfield>
    <subfield code="w">2022-01-18</subfield>
    <subfield code="y">TD</subfield>
  </datafield>
</record>
